000 00607nam a2200181 4500
001 126031
003 ES-MaACL
005 20230906192736.0
007 t|
008 070214s1958 sp r ||||1| spa d
100 1 _aReid, Jane Cabot.
_995975
245 1 0 _aDiez meses lunares /
_cpor Jane Cabot Reid ; prólogo, Prof. Santiago Dexeus Font ; traducción, Dr. Emilio Castañer Vendrell.
260 _aBarcelona :
_bModesto Usón,
_c1958.
300 _a235 p. ;
_c22 cm.
700 1 _aDexeus Font, Santiago.
_944049
700 1 _aCastañer Vendrell, Emilio.
_936420
852 _aES-MaACL
_jC-14944
_bR.42760
999 _c126031
_d126031